[Event "GER-ch U18 Girls"]
[Site "Willingen"]
[Date "2009.06.05"]
[Round "8"]
[White "Breitwieser, Jasmin"]
[Black "Herbold, Nora Marina"]
[Result "1-0"]
[WhiteElo "1874"]
[BlackElo "1608"]
[PlyCount "183"]
[EventDate "2009.05.30"]
[EventType "swiss"]
[EventRounds "9"]
[EventCountry "GER"]
[SourceTitle "CBM 130 Extra"]
[Source "ChessBase"]
[SourceDate "2009.07.02"]
[SourceVersion "2"]
[SourceVersionDate "2009.07.15"]
[SourceQuality "1"]

1. e4 c5 2. Nc3 e6 3. Nf3 a6 4. g3 b5 5. Bg2 Bb7 6. d3 Be7 7. 0-0 d6 8. Ne2 Nf6 9. h3 Nbd7 10. Be3 0-0 11. g4 Nb6 12. Nh2 d5 13. e5 Nfd7 14. f4 Qc7 15. c3 a5 16. Bf2 b4 17. d4 Nc4 18. b3 Ncb6 19. f5 Rfe8 20. Nf4 Bf8 21. fxe6 fxe6 22. g5 Nxe5 23. dxe5 Qxe5 24. Qg4 Bd6 25. Bg3 Qxc3 26. Kh1 Bxf4 27. Bxf4 Qd3 28. Be5 c4 29. Bd4 Nd7 30. Rad1 Qg6 31. bxc4 Rad8 32. h4 Qc2 33. cxd5 Bxd5 34. Bxd5 exd5 35. Qf3 Qe4 36. Qxe4 Rxe4 37. Bf2 Nf8 38. Bb6 Rd7 39. Bxa5 Rxh4 40. Kg2 Ne6 41. Rf5 d4 42. Bxb4 d3 43. a3 Re4 44. Kg3 Re3+ 45. Rf3 Rxf3+ 46. Nxf3 Rd5 47. Kf2 h5 48. gxh6 gxh6 49. Ke3 h5 50. Rxd3 Rxd3+ 51. Kxd3 Nc7 52. Ke4 Kf7 53. Kf5 Ke8 54. Kg5 Kd7 55. Kxh5 Kc6 56. Nd2 Kb5 57. Kg6 Nd5 58. Bf8 Ka4 59. Kf5 Nc7 60. Ke5 Nb5 61. Nb1 Ka5 62. Kd5 Ka6 63. Kc4 Nc7 64. Bb4 Kb7 65. Nc3 Ka6 66. Ne4 Kb6 67. Nf6 Kb7 68. a4 Kb6 69. Nd7+ Kc6 70. Nc5 Kb6 71. Bc3 Ka7 72. Be5 Na6 73. Nd7 Kb7 74. Kb5 Ka7 75. Bf4 Kb7 76. Bd6 Ka8 77. a5 Ka7 78. Kc6 Ka8 79. Nb6+ Ka7 80. Be5 Nb4+ 81. Kb5 Na6 82. Nc8+ Ka8 83. Bf4 Kb7 84. Nd6+ Ka7 85. Be3+ Nc5 86. Bxc5+ Ka8 87. Kc6 Kb8 88. Nb5 Ka8 89. Nc7+ Kb8 90. a6 Kc8 91. a7 Kd8 92. a8Q# 1-0

[Event "GER-ch U18 Girls"]
[Site "Willingen"]
[Date "2009.05.30"]
[Round "1"]
[White "Herbold, Nora Marina"]
[Black "Stroessner, Lena"]
[Result "1-0"]
[WhiteElo "1608"]
[BlackElo "1989"]
[PlyCount "39"]
[EventDate "2009.05.30"]
[EventType "swiss"]
[EventRounds "9"]
[EventCountry "GER"]
[SourceTitle "CBM 130 Extra"]
[Source "ChessBase"]
[SourceDate "2009.07.02"]
[SourceVersion "2"]
[SourceVersionDate "2009.07.15"]
[SourceQuality "1"]

1. e4 e6 2. Nf3 d5 3. e5 c5 4. b4 b6 5. bxc5 bxc5 6. c3 Nc6 7. d4 Qa5 8. Bd2 cxd4 9. cxd4 Qb6 10. Nc3 Nge7 11. Na4 Qd8 12. Nc5 Rb8 13. Qa4 Qb6 14. Bd3 g6 15. 0-0 Bg7 16. Rab1 Qc7 17. Rxb8 Qxb8 18. Bb5 Bb7 19. Rc1 Qa8 20. Nxb7 1-0

[Event "Hamburg-ch U18"]
[Site "Schoenhagen"]
[Date "2009.03.20"]
[Round "9"]
[White "Becker, Sven"]
[Black "Herbold, Nora Marina"]
[Result "1/2-1/2"]
[WhiteElo "1686"]
[BlackElo "1654"]
[PlyCount "50"]
[EventDate "2009.03.14"]
[EventType "tourn"]
[EventRounds "10"]
[EventCountry "GER"]
[SourceTitle "EXT 2010"]
[Source "ChessBase"]
[SourceDate "2010.11.25"]
[SourceVersion "1"]
[SourceVersionDate "2010.11.25"]
[SourceQuality "1"]

1. d4 Nf6 2. c4 g6 3. Nc3 Bg7 4. e4 d6 5. Be2 0-0 6. f4 c6 7. Nf3 Nbd7 8. 0-0 e5 9. fxe5 dxe5 10. d5 cxd5 11. cxd5 Nc5 12. Nd2 Ne8 13. Kh1 f5 14. b4 Nd7 15. Bb2 Nd6 16. Bf3 Nf6 17. Qe2 fxe4 18. Ndxe4 Nfxe4 19. Bxe4 Nxe4 20. Qxe4 Bf5 21. Qc4 Rc8 22. Qb3 Kh8 23. Rfe1 Qd7 24. Ne4 b6 25. h3 Rcd8 1/2-1/2

[Event "GER-chT Lands U20"]
[Site "Dresden"]
[Date "2008.11.14"]
[Round "1.6"]
[White "Tran, My Linh"]
[Black "Herbold, Nora Marina"]
[Result "1-0"]
[WhiteElo "1791"]
[BlackElo "1673"]
[PlyCount "151"]
[EventDate "2008.11.14"]
[EventType "team-swiss"]
[EventRounds "7"]
[EventCountry "GER"]
[SourceTitle "EXT 2010"]
[Source "ChessBase"]
[SourceDate "2010.11.25"]
[SourceVersion "1"]
[SourceVersionDate "2010.11.25"]
[SourceQuality "1"]
[WhiteTeam "Hessen"]
[BlackTeam "Hamburg"]
[WhiteTeamCountry "GER"]
[BlackTeamCountry "GER"]

1. e4 c5 2. Nf3 e6 3. d4 cxd4 4. Nxd4 a6 5. Nc3 Qc7 6. g3 b6 7. Bg2 Bb7 8. 0-0 d6 9. Be3 Be7 10. f4 Nd7 11. f5 e5 12. Nb3 Ngf6 13. Qe2 0-0 14. Rad1 Nc5 15. Bc1 Rfd8 16. Kh1 Rac8 17. g4 Bf8 18. g5 Ne8 19. g6 h6 20. Nxc5 dxc5 21. Qc4 Nf6 22. Qxf7+ Qxf7 23. gxf7+ Kxf7 24. b3 Be7 25. Rde1 b5 26. Nd5 Nxd5 27. exd5 Bf6 28. c4 bxc4 29. bxc4 a5 30. Bb2 Re8 31. Rf2 Ba6 32. Rc2 Rb8 33. Ba3 Rbc8 34. Be4 Be7 35. Bf3 Bh4 36. Bh5+ Kf8 37. Re4 Bf6 38. Bxe8 Kxe8 39. Bb2 Kd7 40. Rce2 Re8 41. Kg2 Kd6 42. Kf2 Re7 43. Bc3 a4 44. Ke3 Re8 45. Kd3 Re7 46. R4e3 Bc8 47. Rf3 Ba6 48. Re4 Bc8 49. Kc2 Rb7 50. Re2 Rb8 51. Kd3 Rb7 52. Rb2 Rxb2 53. Bxb2 Ba6 54. Re3 Bc8 55. Ke4 Ba6 56. Rc3 Bc8 57. Ra3 Bd7 58. Bc3 Be8 59. Ba5 Bd7 60. Bb6 Be8 61. Ba7 Bd7 62. Bb8+ Ke7 63. Bxe5 Be8 64. d6+ Kd8 65. Bxf6+ gxf6 66. Kd5 Bd7 67. Rf3 Kc8 68. Kxc5 Kb7 69. a3 h5 70. Rf4 Bc6 71. Rh4 Be8 72. Kd5 Bf7+ 73. Kc5 Be8 74. Kb4 Kc6 75. c5 Kb7 76. Rd4 1-0

[Event "GER-ch U18 Girls"]
[Site "Willingen"]
[Date "2008.05.13"]
[Round "4"]
[White "Zemella, Jennifer"]
[Black "Herbold, Nora Marina"]
[Result "1/2-1/2"]
[WhiteElo "2000"]
[BlackElo "1674"]
[PlyCount "73"]
[EventDate "2008.05.11"]
[EventType "swiss"]
[EventRounds "9"]
[EventCountry "GER"]
[SourceTitle "CBM 124 Extra"]
[Source "ChessBase"]
[SourceDate "2008.07.03"]
[SourceVersion "1"]
[SourceVersionDate "2008.07.03"]
[SourceQuality "1"]

1. e4 c5 2. c3 d5 3. exd5 Qxd5 4. d4 cxd4 5. cxd4 e6 6. Nc3 Bb4 7. Nf3 Nf6 8. a3 Bxc3+ 9. bxc3 0-0 10. c4 Qd6 11. Bd3 Nc6 12. 0-0 h6 13. Bb2 b6 14. Qe2 Bb7 15. Rad1 Nh5 16. Qe3 Rfd8 17. Ne5 Qe7 18. f4 Qh4 19. Nxc6 Bxc6 20. Be4 Bxe4 21. Qxe4 Nf6 22. Qf3 Rac8 23. Rc1 Rc7 24. Qd3 Rdc8 25. a4 Ng4 26. h3 Nf6 27. d5 Rd7 28. Qf3 exd5 29. Bxf6 Qxf6 30. cxd5 Rxc1 31. Rxc1 Qd4+ 32. Kh2 Rxd5 33. Rc8+ Rd8 34. Rxd8+ Qxd8 35. Qb7 Qf6 36. Qxa7 Qxf4+ 37. Kg1 1/2-1/2

[Event "GER-ch U16 Girls"]
[Site "Willingen"]
[Date "2007.05.28"]
[Round "4"]
[White "Herbold, Nora Marina"]
[Black "Knof, Henrike"]
[Result "0-1"]
[WhiteElo "1516"]
[BlackElo "1358"]
[PlyCount "106"]
[EventDate "2007.05.26"]
[EventType "swiss"]
[EventRounds "9"]
[EventCountry "GER"]
[SourceTitle "CBM 118 Extra"]
[Source "ChessBase"]
[SourceDate "2007.07.04"]
[SourceVersion "1"]
[SourceVersionDate "2007.07.04"]
[SourceQuality "1"]

1. e4 e5 2. Nf3 Nc6 3. d4 exd4 4. c3 d5 5. exd5 Qxd5 6. cxd4 Bb4+ 7. Nc3 Bg4 8. Be2 Bxf3 9. Bxf3 Qc4 10. Bxc6+ Qxc6 11. 0-0 Ne7 12. Qd3 0-0 13. a3 Bxc3 14. bxc3 Nd5 15. Bd2 f5 16. Rfe1 Rf6 17. Re5 Raf8 18. Rc1 Nb6 19. c4 Rg6 20. d5 Qf6 21. Rce1 Rg4 22. c5 Nd7 23. Re6 Nxc5 24. Rxf6 Nxd3 25. Rxf8+ Kxf8 26. f3 Rd4 27. Rb1 b6 28. Kf1 Rxd5 29. Ke2 c5 30. Rb5 Rd6 31. Be3 f4 32. Bd2 a6 33. Rb1 b5 34. g3 fxg3 35. hxg3 Kf7 36. Bc3 c4 37. Rh1 h6 38. f4 Nc5 39. Bb4 Re6+ 40. Kf3 Nb3 41. Rd1 a5 42. Bc3 Re7 43. Be1 Rb7 44. Rb1 b4 45. axb4 axb4 46. Ke4 Ke6 47. f5+ Kd6 48. Rd1+ Kc6 49. Rb1 Kb5 50. Rb2 Re7+ 51. Kd5 Rxe1 52. Rc2 c3 53. g4 Na1 0-1

[Event "Hamburg Weisse Dame op 11th"]
[Site "Hamburg"]
[Date "2005.09.18"]
[Round "5.8"]
[White "Herbold, Nora Marina"]
[Black "Farzamfar, Bahram"]
[Result "0-1"]
[WhiteElo "1494"]
[BlackElo "1592"]
[PlyCount "96"]
[EventDate "2005.09.17"]
[EventType "swiss"]
[EventRounds "5"]
[EventCountry "GER"]
[SourceTitle "EXT 2006"]
[Source "ChessBase"]
[SourceDate "2005.11.24"]
[SourceVersion "1"]
[SourceVersionDate "2005.11.24"]
[SourceQuality "1"]

1. e4 e5 2. Nf3 Nc6 3. d4 exd4 4. c3 dxc3 5. Bc4 Be7 6. Qd5 Nh6 7. Bxh6 0-0 8. Bc1 Nb4 9. Qd1 c2 10. Qd2 cxb1Q 11. Rxb1 Nc6 12. 0-0 a6 13. a3 d6 14. Qf4 Bf6 15. Ng5 Ne5 16. Ba2 h6 17. Nf3 Be6 18. Bxe6 fxe6 19. Nd4 Qe7 20. Qd2 c5 21. Ne2 Rad8 22. f4 Nc4 23. Qc2 b5 24. Ng3 Bd4+ 25. Kh1 Ne3 26. Bxe3 Bxe3 27. f5 e5 28. Rbd1 Qh4 29. Ne2 Rf6 30. Rf3 Bd4 31. Rh3 Qg4 32. Rg3 Qh5 33. Rh3 Qf7 34. Rdd3 d5 35. Rd2 dxe4 36. Qxe4 Rxf5 37. Rf3 Rxf3 38. Qxf3 e4 39. Qxf7+ Kxf7 40. Nxd4 cxd4 41. Kg1 e3 42. Rd3 Ke6 43. Kf1 Ke5 44. Ke2 Ke4 45. b3 Rf8 46. Rd1 Rf2+ 47. Ke1 Rxg2 48. h4 d3 0-1

[Event "Hamburg Weisse Dame op 11th"]
[Site "Hamburg"]
[Date "2005.09.17"]
[Round "1"]
[White "Raedisch, Peter"]
[Black "Herbold, Nora Marina"]
[Result "1-0"]
[WhiteElo "1629"]
[BlackElo "1494"]
[PlyCount "137"]
[EventDate "2005.09.17"]
[EventType "swiss"]
[EventRounds "5"]
[EventCountry "GER"]
[SourceTitle "EXT 2006"]
[Source "ChessBase"]
[SourceDate "2005.11.24"]
[SourceVersion "1"]
[SourceVersionDate "2005.11.24"]
[SourceQuality "1"]

1. e4 c5 2. Bc4 e6 3. Nf3 Nc6 4. c3 Nf6 5. e5 d5 6. Bb5 Nd7 7. Bxc6 bxc6 8. Qa4 Bb7 9. d4 Be7 10. Be3 0-0 11. Nbd2 cxd4 12. cxd4 c5 13. dxc5 Nxc5 14. Bxc5 Bxc5 15. 0-0 Rb8 16. Rac1 Qb6 17. Nb3 Bc6 18. Qa5 Bb4 19. Qxb6 Rxb6 20. a3 Be7 21. Na5 Rc8 22. Rc2 Ra6 23. b4 Bd8 24. Rfc1 Bxa5 25. bxa5 Rxa5 26. Rxc6 Rxc6 27. Rxc6 h6 28. Rc3 Rb5 29. g3 a5 30. Nd4 Rb1+ 31. Kg2 Re1 32. f4 Re4 33. Nb5 Kh7 34. Kf3 Kg6 35. h3 h5 36. g4 hxg4+ 37. hxg4 Re1 38. Rc2 Rf1+ 39. Rf2 Rb1 40. Nd4 Rb6 41. Rc2 a4 42. f5+ Kh7 43. Rc7 Kg8 44. Ra7 Rb1 45. fxe6 fxe6 46. Rxa4 Rf1+ 47. Kg3 Rg1+ 48. Kf4 Rf1+ 49. Kg5 Re1 50. Kg6 Kf8 51. g5 Rc1 52. Ra7 Rc4 53. Nxe6+ Ke8 54. Nxg7+ Kd8 55. e6 Re4 56. Kf5 Re2 57. a4 Rf2+ 58. Ke5 Rg2 59. Kd6 Kc8 60. e7 Re2 61. e8Q+ Rxe8 62. Nxe8 d4 63. Nf6 d3 64. Ne4 Kb8 65. Rc7 d2 66. Nxd2 Ka8 67. g6 Kb8 68. g7 Ka8 69. g8R# 1-0

[Event "GER-ch U14 Girls"]
[Site "Willingen"]
[Date "2005.05.15"]
[Round "3"]
[White "Zier, Verena"]
[Black "Herbold, Nora Marina"]
[Result "1-0"]
[WhiteElo "1844"]
[BlackElo "1484"]
[PlyCount "83"]
[EventDate "2005.05.14"]
[EventType "swiss"]
[EventRounds "9"]
[EventCountry "GER"]
[SourceTitle "CBM 106 Extra"]
[Source "ChessBase"]
[SourceDate "2005.07.01"]
[SourceVersion "1"]
[SourceVersionDate "2005.07.01"]
[SourceQuality "1"]

1. d4 Nf6 2. c4 g6 3. Nc3 Bg7 4. g3 0-0 5. Bg2 d6 6. Nf3 Nc6 7. 0-0 a6 8. d5 Na5 9. Nd2 c5 10. Qc2 Rb8 11. b3 b5 12. Bb2 Bh6 13. f4 bxc4 14. bxc4 e5 15. dxe6 Bxe6 16. Nd5 Bxd5 17. cxd5 Rxb2 18. Qxb2 Bg7 19. Qa3 Ng4 20. Rae1 Bd4+ 21. e3 Nxe3 22. Rxe3 Re8 23. Rfe1 Rxe3 24. Rxe3 Qe8 25. Kf2 Bxe3+ 26. Qxe3 Qa4 27. a3 Qc2 28. Qe2 Qb2 29. Ne4 Qd4+ 30. Qe3 Qxe3+ 31. Kxe3 Nb7 32. Bf1 f5 33. Bxa6 Kf7 34. Ng5+ Ke7 35. Bxb7 Kd7 36. Nxh7 Kc7 37. Bc6 Kb6 38. Kd3 Ka5 39. Nf8 Kb6 40. Nxg6 Kc7 41. h4 Kd8 42. h5 1-0

[Event "Hamburg HSK DWZ op 1st"]
[Site "Hamburg"]
[Date "2002.09.27"]
[Round "2"]
[White "Herbold, Nora Marina"]
[Black "Hoffmann, Boris"]
[Result "0-1"]
[WhiteElo "792"]
[BlackElo "1460"]
[PlyCount "74"]
[EventDate "2002.09.??"]
[EventType "swiss"]
[EventRounds "5"]
[EventCountry "GER"]
[SourceTitle "EXT 2006"]
[Source "ChessBase"]
[SourceDate "2005.11.24"]
[SourceVersion "1"]
[SourceVersionDate "2005.11.24"]
[SourceQuality "1"]

1. e4 c5 2. Bc4 Nc6 3. Nf3 e6 4. Nc3 Be7 5. d3 d6 6. Be3 Nf6 7. 0-0 0-0 8. Qe2 a6 9. a3 b5 10. Ba2 Bb7 11. h3 Rc8 12. Bf4 Qd7 13. Rad1 Nd4 14. Nxd4 cxd4 15. Nb1 e5 16. Bg5 Rc7 17. Nd2 Rfc8 18. Bb1 d5 19. exd5 Qxd5 20. Nf3 Bd6 21. Bxf6 gxf6 22. Rfe1 Kh8 23. Qe4 Qe6 24. Qh4 Rg8 25. Qh5 Qd5 26. Re4 Rg7 27. Nh4 Rg5 28. Qh6 Qe6 29. Kf1 Bxe4 30. dxe4 Rc8 31. Rd3 Bf8 32. Qxg5 fxg5 33. Nf5 b4 34. axb4 Bxb4 35. Rg3 Qc4+ 36. Rd3 Ba5 37. Nd6 Qb4 0-1